THE MERCHANT OF VENICE (Record no. 43832)
[ view plain ]
| 000 -LEADER | |
|---|---|
| fixed length control field | nam a22 7a 4500 |
| 003 - CONTROL NUMBER IDENTIFIER | |
| control field | OSt |
| 005 - DATE AND TIME OF LATEST TRANSACTION | |
| control field | 20180224163531.0 |
| 008 - FIXED-LENGTH DATA ELEMENTS--GENERAL INFORMATION | |
| fixed length control field | 180224b xxu||||| |||| 00| 0 eng d |
| 040 ## - CATALOGING SOURCE | |
| Transcribing agency | SERO SOFT |
| 100 ## - MAIN ENTRY--PERSONAL NAME | |
| Personal name | PAUL RAJENDER |
| 245 ## - TITLE STATEMENT | |
| Title | THE MERCHANT OF VENICE |
| 942 ## - ADDED ENTRY ELEMENTS (KOHA) | |
| Source of classification or shelving scheme | |
| Koha item type | Text-Book- for 7 days |
No items available.

